United Malt and Grain Distillers Ltd v Assessor for Highland Region and Western Isles Islands Area (Record no. 49595)
[ view plain ]
| 000 -LEADER | |
|---|---|
| fixed length control field | 01203cab a2200229 4500 |
| 001 - CONTROL NUMBER | |
| control field | E84511 |
| 008 - FIXED-LENGTH DATA ELEMENTS--GENERAL INFORMATION | |
| fixed length control field | 090401t1996 xxu||||| |||| 00| 0 eng d |
| 035 ## - SYSTEM CONTROL NUMBER | |
| System control number | (Sirsi) u78908 |
| 041 ## - LANGUAGE CODE | |
| Language code of text/sound track or separate title | eng |
| 245 ## - TITLE STATEMENT | |
| Title | United Malt and Grain Distillers Ltd v Assessor for Highland Region and Western Isles Islands Area |
| 260 ## - PUBLICATION, DISTRIBUTION, ETC. | |
| Date of publication, distribution, etc. | 1996 |
| 350 ## - PRICE (NR) (BK AM CF MU VM SE) [OBSOLETE] | |
| Price | 0 |
| 490 ## - SERIES STATEMENT | |
| Series statement | Scots Law Times |
| Volume/sequential designation | 1996 SLT 785-787(3) |
| 520 ## - SUMMARY, ETC. | |
| Summary, etc. | Lands Valuation Appeal Court. 10 August 1995. Valuation -entry - rateable occupation - division of subjects - vacant subjects, part of larger subjects, disponed subsequent to date of entry in deed - whether delivery and recording of disposition essential to create separate legal entity - whether agreement effective to create separation of subjects. Valuation - appeal - committee procedure - committee deciding appeal on basis of preliiminary point of assessor`s which went to heart of ratepayers` appeal - whether proper practice - whether prejudice suffered by ratepayers. |
| 650 ## - SUBJECT ADDED ENTRY--TOPICAL TERM | |
| Topical term or geographic name entry element | LANDS VALUATION APPEAL COURT |
| 650 ## - SUBJECT ADDED ENTRY--TOPICAL TERM | |
| Topical term or geographic name entry element | LVAC |
| 650 ## - SUBJECT ADDED ENTRY--TOPICAL TERM | |
| Topical term or geographic name entry element | RATEABLE OCCUPATION |
| 650 ## - SUBJECT ADDED ENTRY--TOPICAL TERM | |
| Topical term or geographic name entry element | Valuation |
| 9 (RLIN) | 6273 |
| 690 ## - LOCAL SUBJECT ADDED ENTRY--TOPICAL TERM (OCLC, RLIN) | |
| Topical term or geographic name as entry element | RATING AND VALUATION-CASE LAW |
| 942 ## - ADDED ENTRY ELEMENTS (KOHA) | |
| Suppress in OPAC | 0 |
| 948 ## - LOCAL PROCESSING INFORMATION (OCLC); SERIES PART DESIGNATOR (RLIN) | |
| c (OCLC) | 12/06/1997 |
| Withdrawn status | Lost status | Source of classification or shelving scheme | Damaged status | Not for loan | Home library | Current library | Shelving location | Date acquired | Total Checkouts | Full call number | Barcode | Date last seen | Copy number | Price effective from | Koha item type |
|---|---|---|---|---|---|---|---|---|---|---|---|---|---|---|---|
| Dewey Decimal Classification | London | London | Journal article | 14/09/1999 | E84511 | 78908-1001 | 06/08/2019 | 1 | 06/08/2019 | Law report |